000
00288nam a22001337a 4500
008
170502b xxu||||| |||| 00| 0 eng d
020
_a
9780521605182
041
_a
eng
080
_a
34
100
_a
13
101
_a
SHM
245
_a
INTERNATIONAL LAW
_c
AMSTRONG.D
942
_2
udc
_c
BK
999
_c
12435
_d
12435